| 000 | 00882nam a2200181 a 4500 | ||
|---|---|---|---|
| 008 | 120416s1992 ||||||||||||||||| || u | ||
| 020 | _a052148460x | ||
| 050 | _aHB 21 Eco | ||
| 100 | _aLaffont, Jean-Jaques | ||
| 245 | 1 | 0 |
_aAdvances in economic theory _cedited by Jean-Jacques Laffont |
| 246 | _aSixth World Congress | ||
| 260 |
_aCambridge _bThe University Press _c1992 |
||
| 300 | _a2 Vol. | ||
| 350 | _a0.00 | ||
| 995 |
_aANNEX COLLECTION (Main Library) _D0.00 _e029352 _FCBU-MAIN LIBRARY (Kitwe) _H1 _I35.00 _jHB 21 Eco _UAVAILABLE _y029352 _ZAnnex Low-Usage Collection |
||
| 995 |
_aMAIN LIBRARY OPEN ACCESS _D0.00 _e025860 _FCBU-MAIN LIBRARY (Kitwe) _H2 _I35.00 _jHB 21 Eco _UAVAILABLE _y025860 _ZMain Library Open Access Collection |
||
| 995 |
_aMAIN LIBRARY OPEN ACCESS _D0.00 _e026182 _FCBU-MAIN LIBRARY (Kitwe) _H3 _I35.00 _jHB 21 Eco _UAVAILABLE _y026182 _ZMain Library Open Access Collection |
||
| 999 |
_c83737 _d83737 |
||